Жаран хоног "жаран"-ы бутархай (Бичлэгийн дугаар. 125887)

MARC дэлгэрэнгүй
000 -Удирдлага
Ном зүйн бүртгэл тоо буюу кодлох утгыг агуулсан 00734nam a22002297a 4500
003 - ХЯНАЛТЫН ТОО ТОДОРХОЙЛОГЧ
Код MN-UlNLM
005 - ХАМГИЙН СҮҮЛИЙН ҮЕИЙН ХЭЛЦЛИЙН ОГНОО БА ЦАГ
Тухайн бичилтийг бичсэн засварласан сүүлийн огноо. 20220920114010.0
008 - ЕРӨНХИЙ МЭДЭЭЛЭЛ-ЭЛЕМЕНТҮҮДИЙН ӨГӨГДЛИЙН УРТ
fixed length control field 200415t2019 mp ||||| |||| 00| 0 mon d
020 ## - ОЛОН УЛСЫН СТАНДАРТ НОМЫН ДУГААР-ISBN
Олон Улсын Стандарт Номын Дугаар 978-9919-500-15-3
040 ## - ЭХ СУРВАЛЖИЙГ ТОДОРХОЙЛОН БИЧИХ
Анхны каталогийн байгууллага Монгол Улсын Үндэсний номын сан
084 ## - БУСАД АНГИЛЛЫН ДУГААР
Ангиллын нэр Номын сан номзүйн ангилал
Анги 66.3(5Мон)8
Зохиогчийн 3-н тэмдэгт Б 381
Шинжлэх ухааны мэдлэгийн салбар Улс төр - 66
100 1# - ЗОХИОГЧИЙН ХЭСЭГ
Зохиогчийн нэр Баяр С.
245 0# - ҮНДСЭН ГАРЧИГ
Гарчиг Жаран хоног "жаран"-ы бутархай
260 1# - ГАРАЛТЫН ТУХАЙ МЭДЭЭ
Хэвлэгдсэн газар УБ
Хэвлэлийн газар Непко хэвл
Хэвлэгдсэн он 2019
300 ## - ТООНЫ МЭДЭЭ
Хуудасны тоо 453х
500 ## - НОМЫН ТОВЧ АГУУЛГА
Дэлгэрэнүй тайлбар МУ-ын ерөнхий сайд асан Санжийн Баярын дурсамж, дуртгалын ном
546 ## - ХЭЛНИЙ ТУХАЙ МЭДЭЭ
Хэл
653 ## - ТҮЛХҮҮР ҮГС
Түлхүүр үг Улс төр
856 ## - ЭЛЕКТРОН БАЙРЛАЛ БА ХОЛБООС
Төрөл Хэвлэмэл ном
942 ## - ЭЛЕМЕНТИЙН ТӨРӨЛ
Төрөл Ном
Захиалгууд
Буцаан татагдсан төлөв Хасагдсан шалтгаан Гэмтсэн төлөв Данс заагч Захиалах боломжгүй Үндсэн номын сан Одоогийн байршил Салбар танхим Сан хөмрөг 5 Бүртгэсэн огноо Бүрдүүлэлтийн эх үүсвэр Тавиурын заалт Баркод Үнэ Хамгийн сүүлд байсан огноо Нийт уншлаганд гарсан тоо Фактур мөрийн дугаар Төрөл Хамгийн сүүлд уншлаганд гарсан огноо
          МУҮНомын сан салбар МУҮНомын сан салбар МУҮНС салбар | Хүмүүн танхим 6 давхар МУҮНС салбар | Хүмүүн танхим 6 давхар 2021-09-03 Худалдан авсан 94994 002000094994 25000.00 2026-04-14 17 200625.00 Ном 2026-03-19
          МУҮНомын сан салбар МУҮНомын сан салбар МУҮНС салбар | Хүмүүн танхим 6 давхар МУҮНС салбар | Хүмүүн танхим 6 давхар 2021-09-03 Худалдан авсан 94995 000020094995 25000.00 2024-05-31 1 200625.00 Ном 2024-05-31
          МУҮНомын сан салбар МУҮНомын сан салбар МУҮНС салбар | Хүмүүн танхим 6 давхар МУҮНС салбар | Хүмүүн танхим 6 давхар 2021-09-03 Худалдан авсан 94996 000020094996 25000.00 2021-09-03   200625.00 Ном  
        Албан хэрэгцээнд МУҮндэсний Номын сан МУҮндэсний Номын сан МУҮНС төв | Архив фонд төв байр МУҮНС төв | Архив фонд төв байр 2020-05-19 Худалдан авсан 40827 003110040827 25000.00 2020-04-15   200625.00 Ном  
          МУҮндэсний Номын сан МУҮндэсний Номын сан МУҮНС төв | Ойр фонд МУҮНС төв | Ойр фонд 2021-09-03 Худалдан авсан 94997 000020094997 25000.00 2021-09-03   200625.00 Ном